Yokai watch 3 : Médallium. (Part 1: 001-445) - Statistiques

Statistiques générales
  • Ce quiz a été pris 22 fois
  • Le résultat moyen est 190 sur 445
Statistiques - réponses
origine Numéro Yokai % Correct
YW3 #427 Usapyon (course)
100%
YW3 #424 Usapyon (football)
100%
YW3 #426 Usapyon (G.I)
100%
YW3 #425 Usapyon (plongée)
100%
YW3 #244 Jibanyan B
89%
YW2 #245 Jibanyan S
89%
YW2 #259 Komajiro S
89%
YW3 #253 Komasan B
89%
YW2 #254 Komasan S
89%
YW1 #004 pagno
89%
YW2 #195 Robonyan F
89%
YW2 #049 Ultramax K
89%
YW2 #048 Ultramax N
89%
YW3 #428 Usapyon B
89%
YW1 #003 Woko
89%
YW1 #005 Alfoncéo
78%
YW1 #015 Fouétar
78%
YW2 #047 Hovernyan
78%
YW3 #001 Loupépin
78%
YW3 #002 Antitaie
67%
YW1 #039 B3NK1
67%
YW1 #093 Babalance
67%
YW1 #132 Barakabo
67%
YW1 #038 Benkei
67%
YW1 #027 Bushidos
67%
YW3 #024 Caliméballe
67%
YW1 #026 Heaumer
67%
YW1 #243 Jibanyan
67%
YW1 #052 Kapunki
67%
YW1 #131 Kyubi
67%
YW1 #152 Loubarbare
67%
YW1 #018 Mochimacho
67%
YW1 #120 Nuiroir
67%
YW3 #066 Nunchucky
67%
YW2 #011 Roupilion
67%
YW2 #012 Rugis
67%
YW2 #031 Sale de bain
67%
YW2 #009 Samoussrai
67%
YW2 #022 Samuren
67%
YW3 #065 Shurikenny
67%
YW1 #017 Sumochi
67%
YW1 #051 Sushiyama
67%
YW1 #092 Toutouie
67%
YW2 #013 Trépigno
67%
YW1 #014 Zerberker
67%
YW1 #028 amiral
56%
YW1 #249 Bandinyan
56%
YW3 #036 Barbokai
56%
YW2 #023 Barrakéda
56%
YW3 #050 Bobdruche
56%
YW1 #043 Bonneto
56%
YW2 #035 Bouh
56%
YW2 #101 Brumella
56%
YW3 #067 Camélia
56%
YW1 #077 Chaipô
56%
YW2 #146 Charivari
56%
YW2 #133 Chymère
56%
YW2 #134 Chyper
56%
YW2 #059 Coach Antonic
56%
YW1 #095 Cupistol
56%
YW1 #140 Darabajoie
56%
YW1 #141 Darumastar
56%
YW2 #061 Démophage
56%
YW1 #288 Diamanyan
56%
YW1 #285 Emeranyan
56%
YW1 #248 Epinyan
56%
YW1 #116 Espi
56%
YW2 #301 Faux Kappa
56%
YW1 #040 Feulion
56%
YW1 #154 Frérosse
56%
YW2 #069 Gastong
56%
YW1 #316 Granpapéti
56%
YW2 #337 Grégrigry
56%
YW1 #160 Hauber
56%
YW1 #355 Jojojoyeux
56%
YW1 #240 Kappacap
56%
YW1 #257 Komajiro
56%
YW1 #251 Komasan
56%
YW1 #007 Lamlam'ou
56%
YW2 #336 Lulutin
56%
YW2 #063 Luminoct
56%
YW1 #094 Mémétal
56%
YW3 #057 Momonyan
56%
YW1 #097 Nonjuan
56%
YW1 #197 Oronyan
56%
YW1 #046 Orox
56%
YW1 #045 Padelou
56%
YW2 #306 Parasolal
56%
YW1 #153 Racaïd
56%
YW1 #194 Robonyan
56%
YW2 #010 Ronimpec
56%
YW1 #286 Rubinyan
56%
YW1 #044 Sabri
56%
YW1 #284 Saphinyan
56%
YW1 #054 Scarmouche
56%
YW1 #055 Scarnage
56%
YW1 #053 Scatcheur
56%
YW1 #042 Siro
56%
YW3 #016 Superfouétar
56%
YW3 #064 Suprarachnus
56%
YW1 #118 Télémir
56%
YW1 #287 Topanyan
56%
YW1 #006 Toumou
56%
YW2 #119 Triptic-tac
56%
YW2 #062 Vampéric
56%
YW2 #021 Verrascible
56%
YW1 #041 Vibrilion
56%
YW3 #032 XXL de bain
56%
YW2 #029 Agonigiri
44%
YW2 #312 Algacarena
44%
YW3 #315 Alga Sensei
44%
YW1 #275 Angélik
44%
YW3 #325 Antoilette
44%
YW2 #173 Antonnerre
44%
YW2 #107 Apélicain
44%
YW1 #241 Appak
44%
YW1 #233 Baku
44%
YW2 #235 Bakuku
44%
YW3 #224 Bambincroyable
44%
YW3 #226 Bambinflammable
44%
YW3 #225 Bambinsupportable
44%
YW1 #076 Bastata
44%
YW3 #025 Battant
44%
YW3 #162 Big O'Max
44%
YW3 #138 Blanche Hase
44%
YW3 #324 Bleunet de bain
44%
YW1 #276 Blizzaria
44%
YW2 #270 Boucanyan
44%
YW1 #164 Boulapic
44%
YW1 #165 Bouldacier
44%
YW3 #087 Boulet Frit
44%
YW3 #070 Bradguette
44%
YW3 #159 Bricolos
44%
YW2 #100 Brumette
44%
YW3 #272 Chimpanyan
44%
YW3 #188 Chionyan
44%
YW1 #223 Cho-cho
44%
YW1 #267 Choubidou
44%
YW1 #217 Cigaillard
44%
YW1 #216 Cigalopin
44%
YW1 #218 Cigazouille
44%
YW3 #330 Clic-bull
44%
YW1 #189 Coléroptère
44%
YW1 #191 Corniaque
44%
YW3 #082 Curryeux
44%
YW3 #083 Curryogi
44%
YW1 #277 Damona
44%
YW1 #362 Dédé
44%
YW1 #363 Dédestin
44%
YW1 #436 Dente
44%
YW2 #148 Dépotache
44%
YW2 #344 DONCHAN
44%
YW1 #096 Donjuant
44%
YW3 #308 Double croche
44%
YW1 #105 Dynamo
44%
YW2 #145 Egare-dare
44%
YW3 #033 El Gallardo
44%
YW3 #207 El Squalador
44%
YW1 #103 Emettor
44%
YW3 #088 Epigerien
44%
YW1 #117 Etassivilia
44%
YW3 #205 Extrabuki
44%
YW3 #358 faisanyan
44%
YW2 #322 Felipaix
44%
YW3 #208 Flèche d'azur
44%
YW1 #079 Gagalurin
44%
YW2 #202 Gargaros
44%
YW1 #142 Goruma
44%
YW1 #318 Grainpère
44%
YW1 #151 Granpart
44%
YW1 #113 Hiblusion
44%
YW1 #115 Hibourling
44%
YW1 #114 Hibrouille
44%
YW1 #340 Hyprapillon
44%
YW2 #143 Jalouseriz
44%
YW3 #229 Jeniflair
44%
YW2 #271 Jetnyan
44%
YW2 #256 Jibakoma
44%
YW2 #302 Kappadissi
44%
YW1 #242 Kappaloha
44%
YW3 #192 Kintaronyan
44%
YW2 #280 Kiwinyan
44%
YW3 #089 Koeud
44%
YW1 #252 Komaous
44%
YW3 #274 Komaventuriers
44%
YW2 #169 Krakatouaaah
44%
YW3 #086 Lescampette
44%
YW2 #104 Maître Oden
44%
YW2 #282 Maranyan
44%
YW1 #090 Marra
44%
YW3 #137 Mata Hase
44%
YW1 #073 Matchou
44%
YW2 #278 Melonyan
44%
YW2 #078 Mémogre
44%
YW2 #323 M Felipaix
44%
YW2 #321 Mme Papilla
44%
YW3 #037 Moinon
44%
YW1 #072 Morvobec
44%
YW1 #149 Nanpart
44%
YW1 #333 Nomoné
44%
YW1 #335 Noproblemo
44%
YW1 #311 Noripop
44%
YW3 #365 Odyssényan
44%
YW2 #203 Ogralos
44%
YW1 #368 Omnitonton
44%
YW2 #030 Onigirix
44%
YW3 #328 Optimiss
44%
YW2 #279 Oranyan
44%
YW2 #204 Orqanos
44%
YW3 #139 Otto
44%
YW2 #084 Ovide
44%
YW1 #170 Pachycoul
44%
YW2 #172 Pachypipi
44%
YW1 #102 Padrézo
44%
YW1 #074 Papa Ress
44%
YW2 #320 Papilla
44%
YW1 #338 Papiltation
44%
YW1 #339 Papiltension
44%
YW3 #319 PapiXXL
44%
YW1 #356 Paradoxa
44%
YW2 #174 Parantonn
44%
YW2 #099 Pardomino
44%
YW1 #150 Passpa
44%
YW2 #283 Pastènyan
44%
YW1 #171 Persévéfant
44%
YW2 #236 Petit panja
44%
YW2 #168 Pfffuji
44%
YW3 #158 Piètros
44%
YW1 #266 Pitou
44%
YW2 #068 Pleurapluie
44%
YW3 #178 Pogorille
44%
YW2 #147 Potache
44%
YW1 #357 Poteaumorose
44%
YW1 #317 Puissanfon
44%
YW1 #397 Ragioni
44%
YW1 #075 Ralbouc
44%
YW1 #190 Rhinolimit
44%
YW1 #314 Salsalga
44%
YW1 #008 Samoumourai
44%
YW1 #268 Satandre
44%
YW1 #215 Squelèbelle
44%
YW2 #177 Suinthan
44%
YW2 #166 Sumodon
44%
YW1 #396 Suspicioni
44%
YW1 #234 Tapur
44%
YW1 #369 Tata Aura
44%
YW1 #370 Tata Câlin
44%
YW2 #343 Tauracle
44%
YW1 #129 Tengu
44%
YW1 #130 Tengurou
44%
YW1 #434 Timidémon
44%
YW1 #367 Tontonerre
44%
YW2 #227 Traviolette
44%
YW2 #098 Trodésolé
44%
YW3 #421 TuKappa
44%
YW3 #423 Usapyon
44%
YW3 #231 Vasco de Gamiaou
44%
YW2 #281 Vigninyan
44%
YW1 #091 Violette
44%
YW1 #341 Vitapillon
44%
YW2 #261 Vito
44%
YW1 #313 Wakapoeira
44%
YW1 #309 Amoiz
33%
YW3 #180 Andrécup
33%
YW3 #126 Aramis Taire
33%
YW3 #387 Arbrézo
33%
YW3 #163 Axelérator
33%
YW1 #435 Belzel
33%
YW3 #329 Benjirouette
33%
YW1 #417 Bibliotengu
33%
YW3 #060 Bison Antonic
33%
YW2 #020 Bon-Huiii
33%
YW2 #250 Buchinyan
33%
YW2 #332 Canastelle
33%
YW1 #186 Castelius I
33%
YW1 #185 Castelius II
33%
YW1 #184 Castelius III
33%
YW1 #187 Castelius Max
33%
YW3 #156 Chameuhllow
33%
YW3 #327 Charivariz
33%
YW1 #401 Chauvekipeut
33%
YW1 #221 Chihuaglagla
33%
YW2 #405 Chip-Chope
33%
YW3 #295 Chocobo-nyan
33%
YW1 #382 Contracto
33%
YW1 #398 Contrarioni
33%
YW3 #111 Crânéidoscope
33%
YW2 #200 Crapop
33%
YW2 #420 Dracunyan
33%
YW3 #444 Dr Crépuscule
33%
YW3 #443 Dr Néant
33%
YW3 #080 Duc Delafeuille
33%
YW3 #219 Eclopain
33%
YW3 #128 Eddylapid
33%
YW1 #378 Egaroni
33%
YW1 #390 Emousstik
33%
YW3 #232 Erzestine
33%
YW3 #412 Escrocorico
33%
YW3 #264 Espreschiot
33%
YW1 #183 Etna Magma
33%
YW3 #294 Faustille
33%
YW3 #238 Ficheline
33%
YW3 #360 Fluorence
33%
YW3 #265 Fortuné
33%
YW3 #349 Fourchelangue
33%
YW1 #222 Froahuahua
33%
YW2 #209 Gambeth
33%
YW2 #201 Geeko
33%
YW2 #404 Gloups
33%
YW3 #155 Graffaël
33%
YW1 #391 Grattoptère
33%
YW3 #433 Grolos
33%
YW2 #334 Ivanupieds
33%
YW3 #292 Jiganyan
33%
YW3 #293 Komak
33%
YW1 #258 Komistigri
33%
YW2 #372 Kyrycorne
33%
YW2 #371 Kyryn
33%
YW1 #182 Lama Laya
33%
YW3 #112 Lionguiste
33%
YW3 #109 Lord Ecibel
33%
YW3 #127 Maginyan
33%
YW3 #366 Maintendante
33%
YW2 #440 Maltesse
33%
YW3 #212 Marceauterelle
33%
YW1 #392 Marcognito
33%
YW1 #214 Margoth
33%
YW2 #342 Métaureaulog
33%
YW1 #198 Misterre
33%
YW3 #296 Mog-nyan
33%
YW3 #108 MoiYihin
33%
YW2 #106 Mythovni
33%
YW2 #085 Narinos
33%
YW3 #175 Navétéran
33%
YW1 #389 Nihilistik
33%
YW1 #394 Nihilo
33%
YW1 #393 Ninjamévu
33%
YW1 #379 Onisoi
33%
YW3 #220 Pain Surprise
33%
YW3 #350 Papana Split
33%
YW3 #352 Papécolo
33%
YW3 #135 Popcorne
33%
YW3 #157 Pot-au-meuh
33%
YW2 #441 Potofeu
33%
YW3 #123 Pr Plumage
33%
YW3 #230 Quésacourt
33%
YW2 #410 Raltesse
33%
YW1 #346 Ratatam
33%
YW1 #199 Ressak
33%
YW2 #289 Robocap
33%
YW2 #290 Robokoma
33%
YW2 #361 Robopapéti
33%
YW3 #413 Rocky badboya
33%
YW3 #019 Ronain
33%
YW3 #247 Rouminet
33%
YW2 #345 Sabrille
33%
YW2 #260 Sabruine
33%
YW2 #364 Scarasol
33%
YW3 #058 Sire Nyancelot
33%
YW3 #136 Sodartha
33%
YW3 #206 Squale Masqué
33%
YW1 #213 Squarlett
33%
YW1 #347 Supernoël
33%
YW3 #196 Superobonyan
33%
YW3 #373 Survolt
33%
YW3 #299 Sushinyan
33%
YW3 #354 Tatartelette
33%
YW3 #300 Tempurasan
33%
YW1 #416 Tengubre
33%
YW3 #304 Tenguriginal
33%
YW3 #273 Tomnyan
33%
YW1 #380 Tortico
33%
YW3 #071 Toutournemal
33%
YW2 #121 Valetino
33%
YW1 #403 Vampiloc
33%
YW2 #439 Vénaldo
33%
YW3 #210 Vertipiou
33%
YW3 #122 Wattson
33%
YW3 #298 wibblenyan
33%
YW2 #228 Yokoeil
33%
YW3 #181 Zozoparleur
33%
YW3 #193 Aloyau 1er
22%
YW2 #408 Amédélègue
22%
YW3 #305 Ange Garudien
22%
YW3 #388 Arbrézo social
22%
YW3 #307 Barbucheron
22%
YW3 #377 Bazaronin
22%
YW2 #384 Carnanova
22%
YW3 #414 Charlognard
22%
YW1 #402 Chauv'coucou
22%
YW2 #409 Compte Zapzap
22%
YW2 #385 Couchtar
22%
YW3 #348 Dagamberge
22%
YW2 #144 Fanfanfaron
22%
YW3 #081 Feuildechou
22%
YW3 #411 Flagesté
22%
YW3 #407 Hacksel
22%
YW2 #418 Hâtila
22%
YW2 #383 Herbert
22%
YW1 #161 Humainequin
22%
YW3 #125 Imadjinn
22%
YW3 #406 Indexter
22%
YW3 #359 Javabien
22%
YW3 #246 Jibanyan Liu Bei
22%
YW3 #239 Kay Mendeuse
22%
YW3 #255 Komasan Sun Ce
22%
YW2 #331 Lacanne
22%
YW3 #353 Les frères Topla
22%
YW2 #303 Maître Nyada
22%
YW2 #056 Maskonyan
22%
YW3 #351 Maudestique
22%
YW2 #399 Mélobê
22%
YW2 #437 Millyeux
22%
YW3 #262 Moufpète
22%
YW3 #179 Mulangeur
22%
YW3 #176 Navigarmateur
22%
YW1 #431 Nimpégase
22%
YW2 #442 Obskyurbi
22%
YW2 #237 Panja pro
22%
YW1 #310 Pikor
22%
YW2 #438 Précyeux
22%
YW2 #291 Sailornyan
22%
YW2 #419 Snobéa
22%
YW2 #167 Soupotori
22%
YW3 #110 Steuf
22%
YW3 #374 Supervolt
22%
YW3 #211 Tatinmarre
22%
YW1 #381 Tendino
22%
YW3 #395 Tête de lard
22%
YW3 #376 Timouchar
22%
YW2 #269 Timours
22%
YW3 #124 Volroulo
22%
YW3 #297 Wobblenyan
22%
YW3 #326 Afronaute
11%
YW3 #375 Auberchouine
11%
YW3 #034 Grand Gallardo
11%
YW3 #415 M Orthogaffe
11%
YW2 #386 Noctambill
11%
YW3 #263 Raton Glandeur
11%
YW3 #422 Sinécureuil
11%
YW2 #430 Triptik
11%
YW3 #429 Usapyon Zhongda
11%
YW3 #445 Entout'Hâtila
0%
YW2 #400 Gaigneau
0%
YW1 #432 Hennemi
0%
Aucun quiz correspondant
Distribution des résultats
% des personnes avec chaque résultat
Percentile par nombre de réponses
Votre historique - résultats
Vous n’avez pas pris ce quiz